[Event "Charlesbourg Le Khalif"]
[Site "Charlesbourg CAN"]
[Date "2011.03.07"]
[Round "5"]
[White "Tremblay, Rejean"]
[Black "Beaudoin, Stephane"]
[Result "1-0"]
[WhiteElo "2338"]
[BlackElo "1998"]
[PlyCount "123"]
[GameId "2160767909812710"]
[EventDate "2011.02.07"]
[EventType "swiss"]
[EventRounds "5"]
[EventCountry "CAN"]
[SourceTitle "EXT 2022"]
[Source "ChessBase"]
[SourceDate "2021.10.06"]
[SourceVersion "1"]
[SourceVersionDate "2021.10.06"]
[SourceQuality "1"]

1. d4 Nf6 2. c4 e6 3. Nc3 c5 4. d5 exd5 5. cxd5 d6 6. g3 Be7 7. Bg2 O-O 8. Nf3 Na6 9. O-O Rb8 10. a4 Nb4 11. Nd2 b6 12. Nc4 Ba6 13. b3 Bxc4 14. bxc4 Ng4 15. h3 Ne5 16. Qb3 f5 17. f4 Ng6 18. Bd2 Bf6 19. e4 Ne7 20. Rae1 fxe4 21. Bxe4 Qd7 22. Kh2 a6 23. Bb1 Nf5 24. Bxf5 Qxf5 25. Ne4 b5 26. axb5 axb5 27. cxb5 Qd7 28. Bxb4 cxb4 29. Nxf6+ Rxf6 30. Qxb4 Rxb5 31. Qe4 Rb2+ 32. Re2 Qf5 33. Qe8+ Rf8 34. Qxf8+ Kxf8 35. Rxb2 Qxd5 36. Re2 h5 37. h4 Kf7 38. Rff2 g6 39. Rd2 Qc5 40. Rf3 Qc6 41. Rfd3 Ke6 42. g4 d5 43. Kg3 Qc5 44. f5+ gxf5 45. gxf5+ Kf6 46. Rxd5 Qg1+ 47. Kf3 Qg4+ 48. Ke3 Qg3+ 49. Ke2 Qg2+ 50. Ke3 Qg3+ 51. Kd4 Qxh4+ 52. Kc5 Qe4 53. Rd6+ Kg5 54. f6 Qe3+ 55. Kc6 Qe4+ 56. Kd7 Qb7+ 57. Ke8 Qe4+ 58. Kf8 Qb7 59. f7 Kf4 60. Kg7 Qe7 61. Rf2+ Kg3 62. Rff6 1-0

[Event "Charlesbourg Millenium"]
[Site "Charlesbourg CAN"]
[Date "2011.11.21"]
[Round "1"]
[White "Beaudoin, Stephane"]
[Black "Beauchesne, Jonathan"]
[Result "1-0"]
[WhiteElo "2068"]
[BlackElo "1650"]
[PlyCount "75"]
[GameId "2160767909573469"]
[EventDate "2011.11.21"]
[EventType "swiss"]
[EventRounds "5"]
[EventCountry "CAN"]
[SourceTitle "EXT 2022"]
[Source "ChessBase"]
[SourceDate "2021.10.06"]
[SourceVersion "1"]
[SourceVersionDate "2021.10.06"]
[SourceQuality "1"]

1. e4 c5 2. Nf3 e6 3. d4 cxd4 4. Nxd4 Nf6 5. Bd3 Nc6 6. Nxc6 bxc6 7. O-O Qb6 8. Nd2 d5 9. a4 a5 10. exd5 cxd5 11. Nf3 Ba6 12. Bg5 Bxd3 13. Qxd3 Ne4 14. Bh4 Rc8 15. Qb5+ Qxb5 16. axb5 Rxc2 17. Rxa5 Rc8 18. Ne5 Bc5 19. Nc6 g5 20. Bg3 Nxg3 21. hxg3 Kd7 22. Rfa1 f6 23. Kf1 e5 24. Ke2 h5 25. Ra6 d4 26. Kd3 Bd6 27. Na5 Ke6 28. Nb7 Rhd8 29. Nxd8+ Rxd8 30. Rc1 Kd5 31. b6 e4+ 32. Ke2 d3+ 33. Kd1 Rb8 34. Ra5+ Ke6 35. Rb5 f5 36. b7 f4 37. Rc4 fxg3 38. fxg3 1-0

[Event "Charlesbourg Millenium"]
[Site "Charlesbourg CAN"]
[Date "2011.11.21"]
[Round "1"]
[White "Koenig, Pierre"]
[Black "Plante, Rejean"]
[Result "0-1"]
[WhiteElo "1600"]
[BlackElo "2065"]
[PlyCount "90"]
[GameId "2160767909573470"]
[EventDate "2011.11.21"]
[EventType "swiss"]
[EventRounds "5"]
[EventCountry "CAN"]
[SourceTitle "EXT 2022"]
[Source "ChessBase"]
[SourceDate "2021.10.06"]
[SourceVersion "1"]
[SourceVersionDate "2021.10.06"]
[SourceQuality "1"]

1. e4 c5 2. Nc3 a6 3. Nf3 b5 4. a3 Nc6 5. g3 e6 6. Bg2 Bb7 7. d3 g6 8. O-O Bg7 9. Be3 Nd4 10. Ne2 Nxf3+ 11. Bxf3 Rc8 12. c3 Ne7 13. Qd2 h6 14. Bg2 d5 15. d4 dxe4 16. Rfd1 Nf5 17. Rac1 O-O 18. Qc2 Nxe3 19. fxe3 Qg5 20. Nf4 cxd4 21. exd4 e5 22. dxe5 Bxe5 23. Qe2 Bxf4 24. gxf4 Qxf4 25. Rf1 Qe5 26. Rce1 f5 27. Qe3 Qc5 28. Qxc5 Rxc5 29. Rd1 Kg7 30. Rfe1 Re5 31. Rd6 f4 32. Rd4 Rfe8 33. Rd6 R8e7 34. h4 f3 35. Bxf3 h5 36. Bg2 Rf5 37. Re3 Rf6 38. Rd4 Rf4 39. Rd6 Rxh4 40. Rg3 Rg4 41. Rxg4 hxg4 42. Kf1 Kh6 43. Kf2 e3+ 44. Kg3 Bxg2 45. Kxg2 e2 0-1

[Event "Charlesbourg Millenium"]
[Site "Charlesbourg CAN"]
[Date "2011.11.28"]
[Round "2"]
[White "Bahadi, Khalid"]
[Black "Beaudoin, Stephane"]
[Result "1/2-1/2"]
[WhiteElo "1936"]
[BlackElo "2068"]
[PlyCount "60"]
[GameId "2160767909573471"]
[EventDate "2011.11.21"]
[EventType "swiss"]
[EventRounds "5"]
[EventCountry "CAN"]
[SourceTitle "EXT 2022"]
[Source "ChessBase"]
[SourceDate "2021.10.06"]
[SourceVersion "1"]
[SourceVersionDate "2021.10.06"]
[SourceQuality "1"]

1. e4 g6 2. d4 Bg7 3. c4 c5 4. d5 d6 5. Nf3 Nf6 6. Bd3 O-O 7. O-O Bg4 8. h3 Bxf3 9. Qxf3 Nbd7 10. Qe2 Qb6 11. Nc3 Rae8 12. Bf4 Ne5 13. Bxe5 dxe5 14. Rab1 Rc8 15. Qe3 Nd7 16. Bc2 Qf6 17. g3 h5 18. Kg2 Kh7 19. f4 Bh6 20. Qf3 h4 21. Ne2 hxg3 22. Qxg3 exf4 23. Nxf4 Qg5 24. h4 Qxg3+ 25. Kxg3 Ne5 26. b3 Bxf4+ 27. Kxf4 f6 28. Rbd1 Rcd8 29. Rh1 Kh6 30. Rd2 Rd6 1/2-1/2

[Event "Charlesbourg Millenium"]
[Site "Charlesbourg CAN"]
[Date "2011.11.28"]
[Round "2"]
[White "Plante, Rejean"]
[Black "Glode, Martin"]
[Result "1/2-1/2"]
[WhiteElo "2065"]
[BlackElo "1839"]
[PlyCount "59"]
[GameId "2160767909573472"]
[EventDate "2011.11.21"]
[EventType "swiss"]
[EventRounds "5"]
[EventCountry "CAN"]
[SourceTitle "EXT 2022"]
[Source "ChessBase"]
[SourceDate "2021.10.06"]
[SourceVersion "1"]
[SourceVersionDate "2021.10.06"]
[SourceQuality "1"]

1. e4 d6 2. d4 Nf6 3. Nc3 e5 4. Nf3 exd4 5. Nxd4 Be7 6. Be2 O-O 7. O-O Re8 8. Be3 Bf8 9. Qd3 Na6 10. f3 Nc5 11. Qd2 d5 12. b4 Ncd7 13. Nxd5 Nxd5 14. exd5 Bxb4 15. Qxb4 Rxe3 16. Qd2 Re5 17. c4 Nf6 18. Rad1 Qd6 19. f4 Re4 20. Bf3 Bg4 21. Bxe4 Nxe4 22. Qc2 Bxd1 23. Qxe4 Ba4 24. Re1 Qc5 25. Qd3 Re8 26. Rxe8+ Bxe8 27. Kf1 Bd7 28. f5 Qe7 29. Nf3 Qf6 30. Nd4 1/2-1/2

[Event "Charlesbourg Millenium"]
[Site "Charlesbourg CAN"]
[Date "2011.12.05"]
[Round "3"]
[White "Beaudoin, Stephane"]
[Black "Dorion, Francois"]
[Result "1-0"]
[WhiteElo "2068"]
[BlackElo "1693"]
[PlyCount "73"]
[GameId "2160767909573473"]
[EventDate "2011.11.21"]
[EventType "swiss"]
[EventRounds "5"]
[EventCountry "CAN"]
[SourceTitle "EXT 2022"]
[Source "ChessBase"]
[SourceDate "2021.10.06"]
[SourceVersion "1"]
[SourceVersionDate "2021.10.06"]
[SourceQuality "1"]

1. e4 d6 2. d4 Nf6 3. Nc3 g6 4. Nf3 Bg7 5. h3 O-O 6. Be3 c6 7. a4 a5 8. Be2 Qc7 9. O-O e5 10. dxe5 dxe5 11. Bc4 Nbd7 12. Qe2 b6 13. Rfd1 Nc5 14. Bxc5 bxc5 15. Nd2 Nh5 16. Nb3 Nf4 17. Qe3 Qe7 18. Ne2 Bh6 19. Nxf4 Bxf4 20. Qxc5 Qh4 21. Rd3 Qh5 22. Qxc6 Bg4 23. hxg4 Qh2+ 24. Kf1 Qh1+ 25. Ke2 Qxg2 26. Rad1 Qxg4+ 27. Rf3 Rac8 28. Qb5 Rfd8 29. Rxd8+ Rxd8 30. Bd5 h5 31. Nc5 h4 32. Qb7 Rxd5 33. Qxd5 h3 34. Qd7 Qxd7 35. Nxd7 h2 36. Rh3 g5 37. Nf6+ 1-0

[Event "Charlesbourg Millenium"]
[Site "Charlesbourg CAN"]
[Date "2011.12.05"]
[Round "3"]
[White "Lapierre, Gaetan"]
[Black "Plante, Rejean"]
[Result "1-0"]
[WhiteElo "1830"]
[BlackElo "2065"]
[PlyCount "69"]
[GameId "2160767909573474"]
[EventDate "2011.11.21"]
[EventType "swiss"]
[EventRounds "5"]
[EventCountry "CAN"]
[SourceTitle "EXT 2022"]
[Source "ChessBase"]
[SourceDate "2021.10.06"]
[SourceVersion "1"]
[SourceVersionDate "2021.10.06"]
[SourceQuality "1"]

1. d4 Nf6 2. c4 c5 3. d5 Ne4 4. f3 Qa5+ 5. Nd2 Nd6 6. e4 b5 7. b3 bxc4 8. bxc4 Na6 9. Bb2 Rb8 10. Qc1 Nb4 11. a3 Na6 12. Qc2 e6 13. Bd3 exd5 14. exd5 Qd8 15. Ne2 Qg5 16. Kf2 Be7 17. f4 Qh6 18. Nf3 O-O 19. g4 f6 20. h4 g6 21. g5 Qg7 22. h5 Rxb2 23. Qxb2 fxg5 24. Qxg7+ Kxg7 25. hxg6 hxg6 26. fxg5 Nf5 27. Bxf5 Rxf5 28. Rag1 Nc7 29. Ke3 Ba6 30. Rg4 Ne8 31. Ng3 Rf8 32. Rgh4 Bd6 33. Ne4 Rf5 34. Rh7+ Kg8 35. Rh8+ 1-0

[Event "Charlesbourg Millenium"]
[Site "Charlesbourg CAN"]
[Date "2011.12.05"]
[Round "3"]
[White "Lessard, Claude"]
[Black "Doyon, Stephane"]
[Result "1-0"]
[WhiteElo "2038"]
[BlackElo "1850"]
[PlyCount "81"]
[GameId "2160767909573475"]
[EventDate "2011.11.21"]
[EventType "swiss"]
[EventRounds "5"]
[EventCountry "CAN"]
[SourceTitle "EXT 2022"]
[Source "ChessBase"]
[SourceDate "2021.10.06"]
[SourceVersion "1"]
[SourceVersionDate "2021.10.06"]
[SourceQuality "1"]

1. e4 Nf6 2. f4 Nxe4 3. Nf3 d5 4. d4 Nd7 5. Bd3 Ndf6 6. O-O Bf5 7. c4 dxc4 8. Bxc4 e6 9. Qb3 Nd6 10. Ne5 Nxc4 11. Qxc4 c6 12. Nc3 Rc8 13. Be3 Nd5 14. Nxd5 Qxd5 15. Qa4 f6 16. Nf3 a6 17. h3 Bd3 18. Rfe1 Qc4 19. Qd1 Qc2 20. Bf2 Kf7 21. Ng5+ fxg5 22. Qf3 Bg6 23. fxg5+ Qf5 24. Qb3 Rc7 25. Bg3 Qd5 26. Rf1+ Ke7 27. Qxd5 exd5 28. Bxc7 Kd7 29. Be5 Rg8 30. g4 Bb4 31. h4 Be8 32. a3 Ba5 33. Kg2 Bb6 34. Rf3 Bd8 35. Bb8 Be7 36. Ba7 Bd8 37. Re3 Rh8 38. Bc5 Bf7 39. Rae1 h6 40. gxh6 Rxh6 41. Re7+ 1-0

[Event "Charlesbourg Millenium"]
[Site "Charlesbourg CAN"]
[Date "2011.12.12"]
[Round "4"]
[White "Lapointe, Daniel"]
[Black "Lessard, Claude"]
[Result "0-1"]
[WhiteElo "1682"]
[BlackElo "2038"]
[PlyCount "42"]
[GameId "2160767909573476"]
[EventDate "2011.11.21"]
[EventType "swiss"]
[EventRounds "5"]
[EventCountry "CAN"]
[SourceTitle "EXT 2022"]
[Source "ChessBase"]
[SourceDate "2021.10.06"]
[SourceVersion "1"]
[SourceVersionDate "2021.10.06"]
[SourceQuality "1"]

1. c4 e5 2. g3 f5 3. Bg2 Nf6 4. Nc3 Nc6 5. e3 e4 6. Nge2 Ne5 7. O-O Bc5 8. b3 O-O 9. f3 exf3 10. Bxf3 Nxf3+ 11. Rxf3 d5 12. d4 Be7 13. Nf4 c6 14. Qd3 Bd6 15. Bd2 Bxf4 16. exf4 Ne4 17. Na4 b6 18. Bb4 Re8 19. Qc2 Be6 20. Nb2 dxc4 21. Nxc4 Qxd4+ 0-1

[Event "Charlesbourg Millenium"]
[Site "Charlesbourg CAN"]
[Date "2011.12.12"]
[Round "4"]
[White "Poliquin, Yvone"]
[Black "Beaudoin, Stephane"]
[Result "0-1"]
[WhiteElo "1979"]
[BlackElo "2068"]
[PlyCount "60"]
[GameId "2160767909573477"]
[EventDate "2011.11.21"]
[EventType "swiss"]
[EventRounds "5"]
[EventCountry "CAN"]
[SourceTitle "EXT 2022"]
[Source "ChessBase"]
[SourceDate "2021.10.06"]
[SourceVersion "1"]
[SourceVersionDate "2021.10.06"]
[SourceQuality "1"]

1. e4 g6 2. d4 Bg7 3. Nc3 d6 4. f4 c6 5. a4 Nf6 6. Nf3 O-O 7. h3 c5 8. Be2 Nh5 9. Kf2 cxd4 10. Nxd4 Nxf4 11. Bxf4 e5 12. Be3 exd4 13. Bxd4 Nc6 14. Bxg7 Kxg7 15. g4 Be6 16. Kg2 Rc8 17. Qd2 Qe7 18. Rae1 Rfd8 19. Rhf1 h6 20. Bd3 Ne5 21. Nd5 Qg5 22. Qf2 Nxd3 23. cxd3 Bxd5 24. Qd4+ Qe5 25. Qxe5+ dxe5 26. exd5 Rxd5 27. Rf3 Rc2+ 28. Kg3 Rxb2 29. d4 Rxd4 30. Rxe5 Rd7 0-1

[Event "Charlesbourg Millenium"]
[Site "Charlesbourg CAN"]
[Date "2011.12.19"]
[Round "5"]
[White "Beaudoin, Stephane"]
[Black "Fecteau, Martin"]
[Result "1/2-1/2"]
[WhiteElo "2068"]
[BlackElo "1965"]
[PlyCount "61"]
[GameId "2160767909573478"]
[EventDate "2011.11.21"]
[EventType "swiss"]
[EventRounds "5"]
[EventCountry "CAN"]
[SourceTitle "EXT 2022"]
[Source "ChessBase"]
[SourceDate "2021.10.06"]
[SourceVersion "1"]
[SourceVersionDate "2021.10.06"]
[SourceQuality "1"]

1. e4 e6 2. d4 d5 3. Nc3 Nf6 4. Bg5 Be7 5. e5 Nfd7 6. h4 h6 7. Bxe7 Qxe7 8. Qg4 O-O 9. f4 f5 10. Qg6 a6 11. Nf3 Qe8 12. Qxe8 Rxe8 13. Rg1 h5 14. b4 Nc6 15. b5 Na5 16. Nd2 Nb6 17. bxa6 bxa6 18. Nb3 Nac4 19. a4 Ne3 20. Bd3 Nbc4 21. Nc5 Rb8 22. Bxc4 Nxc2+ 23. Kd2 Nxa1 24. Bxd5 exd5 25. Rxa1 c6 26. Ra2 a5 27. Rc2 Rb6 28. Ne2 Be6 29. Ng1 Re7 30. Nf3 Bf7 31. Kc3 1/2-1/2

[Event "Charlesbourg Millenium"]
[Site "Charlesbourg CAN"]
[Date "2011.12.19"]
[Round "5"]
[White "Cote, Jocelyn"]
[Black "Plante, Rejean"]
[Result "1-0"]
[WhiteElo "1658"]
[BlackElo "2065"]
[PlyCount "73"]
[GameId "2160767909573479"]
[EventDate "2011.11.21"]
[EventType "swiss"]
[EventRounds "5"]
[EventCountry "CAN"]
[SourceTitle "EXT 2022"]
[Source "ChessBase"]
[SourceDate "2021.10.06"]
[SourceVersion "1"]
[SourceVersionDate "2021.10.06"]
[SourceQuality "1"]

1. e4 c5 2. Nc3 Nc6 3. f4 g6 4. Nf3 Bg7 5. Bb5 d6 6. Bxc6+ bxc6 7. d3 e6 8. O-O Ne7 9. Be3 Rb8 10. Rb1 O-O 11. Qe1 Re8 12. Na4 Ba6 13. b3 Bb5 14. Nb2 f5 15. c4 Ba6 16. e5 Nc8 17. Qf2 Nb6 18. Rfd1 Qc7 19. g3 dxe5 20. Nxe5 Bxe5 21. fxe5 Nd7 22. h3 Rbd8 23. Na4 Qxe5 24. Nxc5 Nxc5 25. Bxc5 Qf6 26. Bxa7 e5 27. Bb6 Rd7 28. Rd2 Bb7 29. Bc5 g5 30. Re1 f4 31. Re4 Qe6 32. g4 h5 33. Qf3 Red8 34. Qe2 hxg4 35. hxg4 Rh7 36. Rxe5 f3 37. Rxg5+ 1-0

[Event "Charlesbourg Millenium"]
[Site "Charlesbourg CAN"]
[Date "2011.12.19"]
[Round "5"]
[White "Lessard, Claude"]
[Black "Bahadi, Khalid"]
[Result "0-1"]
[WhiteElo "2021"]
[BlackElo "1936"]
[PlyCount "71"]
[GameId "2160767909573480"]
[EventDate "2011.11.21"]
[EventType "swiss"]
[EventRounds "5"]
[EventCountry "CAN"]
[SourceTitle "EXT 2022"]
[Source "ChessBase"]
[SourceDate "2021.10.06"]
[SourceVersion "1"]
[SourceVersionDate "2021.10.06"]
[SourceQuality "1"]

1. d4 Nf6 2. Nf3 d5 3. c4 c6 4. g3 dxc4 5. Bg2 e6 6. O-O b5 7. a4 Bb7 8. Ne5 Qc7 9. b3 cxb3 10. Qxb3 a6 11. Ba3 b4 12. Bb2 a5 13. Rc1 Bd6 14. Nd2 O-O 15. Ndc4 Rc8 16. e4 Nbd7 17. Nxd6 Qxd6 18. Nxf7 Kxf7 19. e5 Qe7 20. exf6 Nxf6 21. Re1 Rc7 22. Bh3 Re8 23. Re5 Qd6 24. Rxa5 Nd5 25. Re1 Kg8 26. Rc5 Rce7 27. Rcc1 Rf8 28. Re5 Rf6 29. Rce1 c5 30. Qc2 cxd4 31. Bxd4 Nf4 32. gxf4 Qxd4 33. f5 exf5 34. Rxe7 Rg6+ 35. Kf1 Ba6+ 36. R7e2 0-1

[Event "Charlesbourg Olympiade"]
[Site "Charlesbourg CAN"]
[Date "2011.10.10"]
[Round "1"]
[White "Beaudoin, Stephane"]
[Black "Chiffot, Nicolas"]
[Result "1-0"]
[WhiteElo "2060"]
[BlackElo "2037"]
[PlyCount "69"]
[GameId "2160767909647928"]
[EventDate "2011.10.10"]
[EventType "swiss"]
[EventRounds "6"]
[EventCountry "CAN"]
[SourceTitle "EXT 2022"]
[Source "ChessBase"]
[SourceDate "2021.10.06"]
[SourceVersion "1"]
[SourceVersionDate "2021.10.06"]
[SourceQuality "1"]

1. e4 e6 2. d4 d5 3. Nc3 Bb4 4. Nge2 b6 5. a3 Bf8 6. exd5 exd5 7. Nf4 Nf6 8. Bd3 Be7 9. O-O O-O 10. Re1 c6 11. b4 b5 12. Bd2 Na6 13. Qf3 Nc7 14. h3 Be6 15. Nce2 Qd7 16. Ng3 Rfe8 17. c3 a5 18. Nxe6 Nxe6 19. Nf5 Bf8 20. Nh4 Qd8 21. Nf5 Ra7 22. g4 Kh8 23. Kh1 Ng8 24. Qg2 g6 25. Ng3 Qh4 26. f4 Rae7 27. Rf1 Bh6 28. g5 Bg7 29. bxa5 h6 30. a6 hxg5 31. fxg5 Ra8 32. Ne2 Rxa6 33. Nf4 Nxf4 34. Rxf4 Qh7 35. Qg3 1-0

[Event "Charlesbourg Olympiade"]
[Site "Charlesbourg CAN"]
[Date "2011.10.10"]
[Round "1"]
[White "Fortier, Bertrand"]
[Black "Fecteau, Martin"]
[Result "1-0"]
[WhiteElo "1785"]
[BlackElo "2035"]
[PlyCount "57"]
[GameId "2160767909647929"]
[EventDate "2011.10.10"]
[EventType "swiss"]
[EventRounds "6"]
[EventCountry "CAN"]
[SourceTitle "EXT 2022"]
[Source "ChessBase"]
[SourceDate "2021.10.06"]
[SourceVersion "1"]
[SourceVersionDate "2021.10.06"]
[SourceQuality "1"]

1. d4 d5 2. c4 c6 3. Nc3 e6 4. e4 dxe4 5. Nxe4 Bb4+ 6. Nc3 Nf6 7. Nf3 O-O 8. Bd3 c5 9. O-O cxd4 10. Nxd4 e5 11. Nde2 Nc6 12. a3 Be7 13. b4 Be6 14. Ng3 Bg4 15. Qd2 Nd4 16. Rb1 Qc7 17. Nce4 Rad8 18. Qe3 Nxe4 19. Bxe4 Qxc4 20. Bxb7 Qb5 21. Bf3 Bxf3 22. gxf3 f5 23. f4 Qb7 24. f3 exf4 25. Qxf4 g5 26. Qe3 Bf6 27. Bb2 Qd7 28. Rbd1 Nc2 29. Qb3+ 1-0

[Event "Charlesbourg Olympiade"]
[Site "Charlesbourg CAN"]
[Date "2011.10.10"]
[Round "1"]
[White "Plante, Rejean"]
[Black "Lessard, Claude"]
[Result "0-1"]
[WhiteElo "2050"]
[BlackElo "2038"]
[PlyCount "42"]
[GameId "2160767909647930"]
[EventDate "2011.10.10"]
[EventType "swiss"]
[EventRounds "6"]
[EventCountry "CAN"]
[SourceTitle "EXT 2022"]
[Source "ChessBase"]
[SourceDate "2021.10.06"]
[SourceVersion "1"]
[SourceVersionDate "2021.10.06"]
[SourceQuality "1"]

1. c4 e5 2. Nc3 Nc6 3. g3 Bb4 4. Bg2 Bxc3 5. bxc3 Nge7 6. d3 d6 7. e4 O-O 8. Ne2 f5 9. f4 fxe4 10. Bxe4 Bh3 11. Ng1 Bf5 12. Bg2 exf4 13. Bxf4 Ng6 14. Ne2 Nxf4 15. Nxf4 Re8+ 16. Kf2 Ne5 17. Re1 g5 18. Nh5 Rf8 19. Kg1 Bg4 20. Qb3 Bxh5 21. Qxb7 Bf3 0-1

[Event "Charlesbourg Olympiade"]
[Site "Charlesbourg CAN"]
[Date "2011.10.17"]
[Round "2"]
[White "Beaudoin, Stephane"]
[Black "Plante, Rejean"]
[Result "0-1"]
[WhiteElo "2060"]
[BlackElo "2055"]
[PlyCount "66"]
[GameId "2160767909647931"]
[EventDate "2011.10.10"]
[EventType "swiss"]
[EventRounds "6"]
[EventCountry "CAN"]
[SourceTitle "EXT 2022"]
[Source "ChessBase"]
[SourceDate "2021.10.06"]
[SourceVersion "1"]
[SourceVersionDate "2021.10.06"]
[SourceQuality "1"]

1. e4 c5 2. Nf3 Nc6 3. d4 cxd4 4. Nxd4 Nf6 5. Nc3 e5 6. Nf3 Bb4 7. Bc4 O-O 8. O-O h6 9. Nd5 Bc5 10. b4 Nxb4 11. Nxb4 Bxb4 12. Rb1 Bc5 13. Nxe5 d6 14. Nd3 Nxe4 15. Qf3 Ng5 16. Qh5 Bd4 17. Rb3 d5 18. Bb5 a6 19. h4 Ne4 20. Ba4 Ng3 21. Nf4 Nxh5 22. Nxh5 b5 23. Rd3 Qxh4 24. Nf4 Be5 25. g3 Qg4 26. Bb3 Bxf4 27. Bxf4 Bb7 28. Rd4 Qe2 29. c3 Rac8 30. Bd1 Qxa2 31. Bg4 Rxc3 32. Bf5 Rc4 33. Rd2 Qa5 0-1

[Event "Charlesbourg Olympiade"]
[Site "Charlesbourg CAN"]
[Date "2011.10.18"]
[Round "2"]
[White "Chiffot, Nicolas"]
[Black "Lessard, Claude"]
[Result "1-0"]
[WhiteElo "1980"]
[BlackElo "2038"]
[PlyCount "95"]
[GameId "2160767909647932"]
[EventDate "2011.10.10"]
[EventType "swiss"]
[EventRounds "6"]
[EventCountry "CAN"]
[SourceTitle "EXT 2022"]
[Source "ChessBase"]
[SourceDate "2021.10.06"]
[SourceVersion "1"]
[SourceVersionDate "2021.10.06"]
[SourceQuality "1"]

1. b3 Nf6 2. Bb2 e6 3. e3 d5 4. Nf3 Nbd7 5. Be2 Be7 6. O-O O-O 7. d4 Ne4 8. c4 c6 9. Nc3 f5 10. Qc2 Bd6 11. Bd3 Qf6 12. Ne2 Qh6 13. Ne5 Ndf6 14. Qc1 Nh5 15. f3 Nef6 16. Qd2 g5 17. Rae1 g4 18. Bc1 gxf3 19. gxf3 a5 20. c5 Bxe5 21. dxe5 Nd7 22. Qc3 Qg7+ 23. Kh1 Qxe5 24. Rg1+ Kf7 25. Qd2 Qf6 26. Bb2 Qh6 27. f4 Ndf6 28. Nd4 Ng4 29. Rg2 Bd7 30. a4 Rg8 31. Nf3 Nhf6 32. Reg1 Qh5 33. Qc3 Ke7 34. Ne5 Raf8 35. Nxg4 Rxg4 36. Be2 Ne4 37. Bxg4 fxg4 38. Qe5 Qh4 39. Rf1 g3 40. Bc3 Nf2+ 41. Kg1 gxh2+ 42. Rxh2 Rg8+ 43. Rg2 Nh3+ 44. Kh1 Nxf4+ 45. Rh2 Nh3 46. Qd6+ Ke8 47. Qb8+ Ke7 48. Qxg8 1-0

[Event "Charlesbourg Olympiade"]
[Site "Charlesbourg CAN"]
[Date "2011.10.18"]
[Round "2"]
[White "Fortier, Bertrand"]
[Black "Glode, Martin"]
[Result "1-0"]
[WhiteElo "1753"]
[BlackElo "1836"]
[PlyCount "42"]
[GameId "2160767909647933"]
[EventDate "2011.10.10"]
[EventType "swiss"]
[EventRounds "6"]
[EventCountry "CAN"]
[SourceTitle "EXT 2022"]
[Source "ChessBase"]
[SourceDate "2021.10.06"]
[SourceVersion "1"]
[SourceVersionDate "2021.10.06"]
[SourceQuality "1"]

1. d4 Nf6 2. Nf3 e6 3. Bg5 c5 4. c3 h6 5. Bh4 b6 6. e3 Bb7 7. Nbd2 d6 8. Bb5+ Nbd7 9. dxc5 dxc5 10. Nc4 Be7 11. Nce5 g5 12. Bg3 h5 13. Nc6 Qc8 14. Nxe7 Kxe7 15. Qd6+ Ke8 16. Bxd7+ Nxd7 17. O-O-O Qc6 18. Ne5 Nxe5 19. Qxe5 Rg8 20. f3 Qa4 21. Kb1 Bd5 1-0

[Event "Charlesbourg Olympiade"]
[Site "Charlesbourg CAN"]
[Date "2011.10.24"]
[Round "3"]
[White "Glode, Martin"]
[Black "Fecteau, Martin"]
[Result "1-0"]
[WhiteElo "1836"]
[BlackElo "2026"]
[PlyCount "155"]
[GameId "2160767909647934"]
[EventDate "2011.10.10"]
[EventType "swiss"]
[EventRounds "6"]
[EventCountry "CAN"]
[SourceTitle "EXT 2022"]
[Source "ChessBase"]
[SourceDate "2021.10.06"]
[SourceVersion "1"]
[SourceVersionDate "2021.10.06"]
[SourceQuality "1"]

1. e4 c5 2. c3 Nf6 3. e5 Nd5 4. g3 Nc6 5. Bg2 e6 6. Nf3 b6 7. O-O Bb7 8. Na3 Be7 9. Re1 O-O 10. Nc2 d6 11. exd6 Qxd6 12. d4 c4 13. Ne3 Na5 14. Qe2 Rac8 15. Nxd5 Bxd5 16. Bf4 Qc6 17. Ne5 Qb7 18. Bxd5 Qxd5 19. Qe4 Rfd8 20. Re2 b5 21. Rae1 a6 22. Nf3 Nc6 23. h4 h6 24. g4 Qxe4 25. Rxe4 Rd5 26. Kg2 Bd6 27. Bxd6 Rxd6 28. Ne5 Ne7 29. Rf4 f6 30. Nf3 Nd5 31. Rfe4 b4 32. Rc1 bxc3 33. bxc3 Rb8 34. Nd2 Rc6 35. Rc2 Kf7 36. Kg3 g6 37. Re1 f5 38. Nf3 Rc7 39. Ne5+ Kf6 40. f4 Rb6 41. g5+ Kg7 42. Kf3 h5 43. Kg3 a5 44. Ree2 a4 45. Nf3 a3 46. Ne5 Rb2 47. Rxb2 axb2 48. Rxb2 Nxc3 49. Rc2 Ne4+ 50. Kf3 c3 51. Nd3 Rb7 52. a4 Rb1 53. a5 Ra1 54. a6 Rxa6 55. Nc5 Nxc5 56. dxc5 Kf7 57. Rxc3 Rc6 58. Ke3 e5 59. fxe5 Ke6 60. Kd4 Rc8 61. c6 Rd8+ 62. Kc5 Kxe5 63. c7 Rf8 64. Kb6 Ke4 65. c8=Q Rxc8 66. Rxc8 f4 67. Rc6 Kf5 68. Kc5 f3 69. Rf6+ Kg4 70. Rxg6 Kxh4 71. Rf6 Kxg5 72. Rxf3 Kg4 73. Rf8 h4 74. Kd4 Kg3 75. Ke3 Kg2 76. Rg8+ Kh2 77. Kf2 h3 78. Rh8 1-0

[Event "Charlesbourg Olympiade"]
[Site "Charlesbourg CAN"]
[Date "2011.10.24"]
[Round "3"]
[White "Lessard, Claude"]
[Black "Beaudoin, Stephane"]
[Result "1-0"]
[WhiteElo "2038"]
[BlackElo "2060"]
[PlyCount "59"]
[GameId "2160767909647935"]
[EventDate "2011.10.10"]
[EventType "swiss"]
[EventRounds "6"]
[EventCountry "CAN"]
[SourceTitle "EXT 2022"]
[Source "ChessBase"]
[SourceDate "2021.10.06"]
[SourceVersion "1"]
[SourceVersionDate "2021.10.06"]
[SourceQuality "1"]

1. d4 Nf6 2. c4 e6 3. Nc3 c5 4. d5 exd5 5. cxd5 d6 6. e4 Be7 7. Nf3 O-O 8. h3 a6 9. a4 Re8 10. Be2 Nbd7 11. O-O Nf8 12. e5 dxe5 13. Nxe5 Bd6 14. Nc4 b6 15. Bg5 Ng6 16. Bf3 Rb8 17. Ne4 Be5 18. Nxe5 Rxe5 19. Re1 Bf5 20. Bxf6 gxf6 21. Ng3 Qd6 22. Rxe5 Qxe5 23. Ra3 Bd7 24. Qd2 b5 25. Re3 Qf4 26. Nh5 Qg5 27. Qc3 Ne5 28. Nxf6+ Qxf6 29. Rxe5 Qg7 30. Qe3 1-0